banner-ar

السلطان الملك المؤيد شيخ صاحب اكبر مسجد جامع فى العصر المملوكى : (Record no. 66996)

MARC details
000 -الفاتح
حقل البيانات ثابتة الطول 01331nam a2200289 4500
005 - وقت وتاريخ اخر تعامل مع التسجيلة
رقم الضبط 20240530110951.0
008 - عناصر البيانات ثابتة الطول - معلومات عامة
حقل البيانات ثابتة الطول 221212s2022 ua hf f b 000 0 ara d
017 ## - رقم الايداع القانونى
رقم الايداع القانونى 2021/28668
المصدر ( الهيئة المختصة) مصر. دار الكتب
020 ## - الرقم الدولى المعيارى للكتب
الرقم الدولى المعيارى للكتاب 9789773444990
040 ## - مصدر الفهرسة
وكالة الفهرسة الأصلية EG-CaGPL
وكالة النسخ EG-CaGPL
082 04 - رقم تصنيف ديوى العشرى
رقم الطبعة 21
رقم التصنيف 953.084
رقم المادة ق/م س
100 0# - المدخل الرئيسى - إسم شخصى
الإسم الشخصى محمد الششتاوى
245 12 - بيان العنوان
العنوان السلطان الملك المؤيد شيخ صاحب اكبر مسجد جامع فى العصر المملوكى :
بقية العنوان السلطان المظفر احمد ابن المؤيد، السلطان الظاهر ططر، ابن الصالح محمد ابن ططر/
بيان المسئوليه,etc تاليف محمد الششتاوى
250 ## - بيان الطبعة
بيان الطبعة ط.1
260 ## - PUBLICATION, DISTRIBUTION, ETC. (IMPRINT)
تاريخ النشر أو التوزيع 2022.
300 ## - الوصف المادى
التعداد 472ص. :
تفاصيل ماديه اخرى للوعاء ايض ؛
أبعاد الوعاء 24 سم.
490 0# - بيان السلسلة
عنوان السلسلة موسوعة سلاطين الممالك تاريخهم اثارهم اوقافهم؛
رقم المجلد/ التعيين التسلسلي 12.
504 ## - تبصرة ببليوجرافية
تبصرة ببليوجرافية,الخ يشتمل على ارجاعات ببليوجرافية
600 0# - المدخل الاضافى بالموضوع-اسم شخصى
مصدر الرأس أو المصطلح المؤيد شيخ
600 0# - المدخل الاضافى بالموضوع-اسم شخصى
مصدر الرأس أو المصطلح احمد ابن المؤيد
600 0# - المدخل الاضافى بالموضوع-اسم شخصى
الإسم الشخصى الظاهر ططر
600 0# - المدخل الاضافى بالموضوع-اسم شخصى
الإسم الشخصى الصالح محمد ابن ططر
650 07 - المدخل الاضافى بالموضوع-مصطلح موضوعى
مصدر الرأس أو المصطلح qrmak
مصطلح موضوعي الملوك المصرين
651 07 - المدخل الاضافى بالموضوع - اسم جغرافى
مصدر الرأس أو المصطلح qrmak
الاسم الجغرافي مصر
التقسيم الفرعي العام الملوك والحكام
942 ## - عناصر المدخل الإضافي( كوها)
مصدر التصنيف او مخطط الترفيف Dewey Decimal Classification
Koha [default] item type كتاب
260 ## - PUBLICATION, DISTRIBUTION, ETC. (IMPRINT)
-- القاهرة :
-- دار الافاق العربية،
Holdings
حالة التراجع حالة الفقد حالة تلف ليس للاعارة المكان المؤقت الموقع الحالى موقع الترفيف تاريخ الاكتساب اجمالي اﻻعارات رقم الطلب الباركود تاريخ اخر مشاهدة تاريخ تفعيل السعر نوع وعاء كوها
        مكتبة القاهرة الكبرى مكتبة القاهرة الكبرى   12/13/2022   953.084 ق/م س 169014 12/13/2022 12/13/2022 كتاب

Powered By

EGPV